|
|
|
|
| LEADER |
00000nab#a22000007a#4500 |
| 001 |
arbauad022831 |
| 003 |
AR-BaUAD |
| 005 |
20250711111936.0 |
| 008 |
961022|||||||||###||||||b###|0###a|spa|| |
| 040 |
|
|
|a AR-BaUAD
|c AR-BaUAD
|b spa
|
| 100 |
|
|
|a Bandini Buti, Luigi
|
| 245 |
|
|
|a L'ergonomia /
|c Luigi Bandini Buti;
|
| 300 |
0 |
|
|b fot., il.
|
| 653 |
|
|
|a HISTORIA
|
| 653 |
|
|
|a MUEBLES
|
| 653 |
|
|
|a SILLAS
|
| 653 |
|
|
|a ERGONOMIA
|
| 653 |
|
|
|a DREYFUSS, HENRY
|
| 653 |
|
|
|a DISEÑO INDUSTRIAL
|
| 773 |
0 |
|
|t OTTAGONO
|g no. 116 [set.-nov. 1995], p. 42-49
|
| 942 |
|
|
|c ARTI
|
| 952 |
|
|
|0 0
|1 0
|4 0
|7 0
|9 67750
|a AR-BAuAD
|b AR-BAuAD
|d 2025-07-11
|l 0
|p AAQA022831
|r 2025-07-11 11:19:36
|w 2025-07-11
|y ARTI
|
| 990 |
|
|
|a DI199
|b TD
|
| 998 |
|
|
|a AAQ
|b BIBUN76
|
| 999 |
|
|
|c 47423
|d 47423
|